| 000 | nam a22 7a 4500 | ||
|---|---|---|---|
| 999 |
_c219613 _d219613 |
||
| 003 | ASAB | ||
| 005 | 20170215122609.0 | ||
| 008 | 170215b xxu||||| |||| 00| 0 eng d | ||
| 020 | _a0121112322 (alk. paper) | ||
| 040 | _cASAB | ||
| 082 | _a612.4 | ||
| 100 | _aBolander, Franklyn F. | ||
| 245 | _amolecular endocrinology / | ||
| 300 |
_aviii, 632 p. : _bill. ; _c26 cm. |
||
| 942 |
_2ddc _cBK |
||